000 00564nam a2200181Ia 4500
008 090124s9999 xx 000 0 und d
082 _b131023
100 _aबहुलेकर अनिल
245 _a सोस तू माझ्या जीवा
250 _a1
260 _c2002
300 _a158
600 _aबहुलेकर अनिल
630 _a सोस तू माझ्या जीवा
700 _aबहुलेकर अनिल
730 _a सोस तू माझ्या जीवा
942 _cBOOK
999 _c177112
_d177112